Szczegóły MARC21

Beiträge zur Didaktik der Informatik /

005 -DATA I CZAS OSTATNIEJ MODYFIKACJI [,]
    • @
    • pole kontrolne
    • 20070315155141.9
020 -Międzynarod. znormalizowany nr książki - ISBN [ , ]
    • a
    • Numer ISBN
    • 3425053094 Find
    • z
    • Błędny ISBN (P)
    • 3794133277 Find
040 -Instytucja sporządzająca opis [ , ]
    • a
    • Instytucja, która sporządziła opis (NP)
    • SZCZ U
    • c
    • Instytucja, która sporządziła rekord (NP)
    • SZCZ U
041 -Język dokumentu [0, ]
    • a
    • Język tekstu (P)
    • niemiecki
    • h
    • Język tekstu oryginalnego i/lub pośredniego (P)
    • niemiecki
942 -Rodzaj dokumentu [ , ]
    • c
    • Rodzaj dokumentu
    • Książka
245 -Strefa tytułu i oznaczenia odpowiedzialności [0, ]
    • a
    • Tytuł
    • Beiträge zur Didaktik der Informatik / Find
    • c
    • Pozostałe elementy strefy tytułu i oznaczenia odpowiedzialności (NP)
    • hrsg. von Günther Cyranek, Hermann J.Forneck und Henk Goorhuis.
260 -Strefa adresu wydawniczego [ , ]
    • a
    • Miejsce wydania (P)
    • Frankfurt : ^M.Diesterweg ; Arau :
    • b
    • Nazwa wydawcy (P)
    • Sauerländer,
    • c
    • Data wydania (P)
    • 1990.
300 -Strefa opisu fizycznego [ , ]
    • a
    • Określenie formy książki i/lub objętość (NP)
    • VII,162 s. :
    • b
    • Oznaczenie ilustracji (NP)
    • il. :
    • c
    • Format (NP)
    • 23 cm.
500 -Uwaga ogólna [ , ]
    • a
    • Uwaga ogólna (NP)
    • Bibliogr
080 -Uniwersalna Klasyfikacja Dziesiętna [ , ]
    • a
    • Symbol klasyfikacji
    • 372.868.13=30
080 -Uniwersalna Klasyfikacja Dziesiętna [ , ]
    • a
    • Symbol klasyfikacji
    • :681.3=30
980 -Symbol UKD [ , ]
    • a
    • UKD
    • 372.868.13:681.3]=30
700 -Hasło dodatkowe - nazwa osobowa [ , ]
    • a
    • Nazwa osobowa (NP)
    • Cyranek Günther Find
700 -Hasło dodatkowe - nazwa osobowa [ , ]
    • a
    • Nazwa osobowa (NP)
    • Forneck Hermann J. Find
700 -Hasło dodatkowe - nazwa osobowa [ , ]
    • a
    • Nazwa osobowa (NP)
    • Goorhuis Henk Find
920 -ISBN [ , ]
    • a
    • ISBN
    • 3-425-05309-4 Find
    • z
    • Błędny ISBN
    • 3-7941-3327-7 Find
Data inwentaryzacji Lokalizacja Status udost. Sygnatura Numer inwentarzowy
1998-10-13BE-2FUNDACJA POLSKO-NIEMIECKAE.65666
1998-10-13BE-2FUNDACJA POLSKO-NIEMIECKAS.82707